[Event "CZE-ch Amateurs"]
[Site "Hluk"]
[Date "2025.05.10"]
[Round "8"]
[White "Bohacek, Jan Andrej"]
[Black "Strnad, Michael"]
[Result "1/2-1/2"]
[WhiteElo "2154"]
[BlackElo "1849"]
[PlyCount "51"]
[EventDate "2025.05.06"]
[EventType "swiss"]
[EventRounds "9"]
[EventCountry "CZE"]
[SourceTitle "CB20_2025"]
[SourceDate "2025.05.14"]
[SourceVersion "1"]
[SourceVersionDate "2025.05.14"]
[SourceQuality "1"]

1. d4 Nf6 2. c4 e6 3. Nc3 d5 4. cxd5 exd5 5. Bg5 c6 6. e3 Bd6 7. Bd3 0-0 8. Qc2 h6 9. Bh4 Nbd7 10. Nge2 Re8 11. Bg3 Nf8 12. 0-0 Ne6 13. Rab1 Nh5 14. Bxd6 Qxd6 15. b4 Ng5 16. f4 Ne6 17. Qd2 Nf8 18. h3 f5 19. a4 Qe7 20. Nd1 Qh4 21. Qe1 Qe7 22. Ng3 Nxg3 23. Qxg3 Nh7 24. Qf2 Nf6 25. Qc2 Ne4 26. Bxe4 1/2-1/2

[Event "CZE-ch Amateurs"]
[Site "Hluk"]
[Date "2025.05.07"]
[Round "3"]
[White "Soucek, Jan"]
[Black "Bohacek, Jan Andrej"]
[Result "1-0"]
[WhiteElo "2288"]
[BlackElo "2154"]
[PlyCount "51"]
[EventDate "2025.05.06"]
[EventType "swiss"]
[EventRounds "9"]
[EventCountry "CZE"]
[SourceTitle "CB20_2025"]
[SourceDate "2025.05.14"]
[SourceVersion "1"]
[SourceVersionDate "2025.05.14"]
[SourceQuality "1"]

1. d4 d5 2. c4 e6 3. Nc3 Nf6 4. cxd5 exd5 5. Bg5 c6 6. e3 Be7 7. Bd3 h6 8. Bh4 0-0 9. Nge2 Ne8 10. Bg3 Nd6 11. 0-0 Re8 12. f3 b5 13. e4 b4 14. Na4 Qa5 15. b3 Ba6 16. e5 Nb7 17. Rc1 Bb5 18. Bb1 Nd7 19. f4 Rac8 20. f5 f6 21. Re1 Nb6 22. Nf4 fxe5 23. dxe5 Bg5 24. h4 Bxf4 25. Bxf4 Bxa4 26. f6 1-0

[Event "CZE-chT1E 2425"]
[Site "Czech Republic"]
[Date "2024.12.08"]
[Round "4.4"]
[White "Kubiczek, Michal"]
[Black "Bohacek, Jan Andrej"]
[Result "1-0"]
[WhiteElo "2112"]
[BlackElo "2078"]
[PlyCount "87"]
[EventDate "2024.10.20"]
[EventType "team-tourn"]
[EventRounds "11"]
[EventCountry "CZE"]
[SourceTitle "CB16_2025"]
[SourceDate "2025.04.16"]
[SourceVersion "1"]
[SourceVersionDate "2025.04.16"]
[SourceQuality "1"]
[WhiteTeam "Stare Mesto"]
[BlackTeam "Hostalkova"]
[WhiteTeamCountry "CZE"]
[BlackTeamCountry "CZE"]

1. d4 d5 2. c4 c6 3. Nf3 Nf6 4. g3 Bf5 5. Nc3 e6 6. Nh4 Be4 7. f3 Bg6 8. Qb3 Qd7 9. Nxg6 hxg6 10. Bg2 dxc4 11. Qxc4 b5 12. Qd3 Na6 13. Be3 Be7 14. 0-0 0-0 15. Rfd1 Rfd8 16. Bf2 Rab8 17. Ne4 Qe8 18. Nxf6+ gxf6 19. Qc3 Bb4 20. Qc2 Rbc8 21. a3 Bf8 22. f4 f5 23. Be1 Bg7 24. e3 c5 25. Bb7 cxd4 26. Bxc8 Rxc8 27. Qe2 Nc5 28. Rac1 dxe3 29. Qxe3 Ne4 30. Rxc8 Qxc8 31. Rc1 Qd7 32. Bc3 Nxc3 33. bxc3 Qd5 34. Rf1 Bf8 35. Qf3 Bc5+ 36. Kg2 Qd2+ 37. Kh3 Bxa3 38. Rd1 Qc2 39. Rd8+ Kg7 40. Qe3 Be7 41. Rd7 Qb1 42. Rxe7 Qf1+ 43. Kh4 Qd1 44. Qd4+ 1-0

[Event "Pardubice Czech op-A 35th"]
[Site "Pardubice"]
[Date "2024.07.22"]
[Round "4"]
[White "Bohacek, Jan Andrej"]
[Black "Bujnoch, Radek"]
[Result "0-1"]
[WhiteElo "2102"]
[BlackElo "2320"]
[PlyCount "158"]
[EventDate "2024.07.19"]
[EventType "swiss"]
[EventRounds "9"]
[EventCountry "CZE"]
[SourceTitle "CBM 221 Extra"]
[Source "ChessBase"]
[SourceDate "2024.09.30"]
[SourceVersion "1"]
[SourceVersionDate "2024.09.30"]
[SourceQuality "1"]

1. Nf3 d5 2. e3 Nf6 3. c4 c6 4. Nc3 e6 5. b3 Bd6 6. Bb2 0-0 7. d4 Nbd7 8. Be2 b6 9. 0-0 Bb7 10. Qc2 Qe7 11. Rad1 Rad8 12. Rfe1 Rfe8 13. Bf1 c5 14. cxd5 exd5 15. dxc5 bxc5 16. Ne2 Rc8 17. Ng3 g6 18. Qc3 a6 19. Rc1 Qd8 20. Red1 Qb6 21. Ba3 d4 22. exd4 cxd4 23. Qb2 Rxc1 24. Qxc1 Rc8 25. Qb2 Bxa3 26. Qxa3 Bxf3 27. gxf3 a5 28. Qb2 Ne5 29. Bg2 Rd8 30. f4 Nc4 31. Qc1 Nd6 32. f5 Nb5 33. fxg6 hxg6 34. Rd3 Nc3 35. Qg5 Qe6 36. Bh3 Qe1+ 37. Bf1 Qxf2+ 38. Kxf2 Nfe4+ 39. Nxe4 Nxe4+ 40. Ke1 Nxg5 41. a3 Kg7 42. b4 axb4 43. axb4 Kf6 44. Rb3 Ke5 45. Bg2 Rb8 46. b5 Rb6 47. Bc6 Ne6 48. Kd2 Kd6 49. Rb4 Kc5 50. Rb1 Nd8 51. Rc1+ Kd6 52. Be8 Rb7 53. Kd3 Re7 54. Bc6 Rc7 55. Rf1 Nxc6 56. bxc6 Ke5 57. Rc1 Kd5 58. Rc4 Rxc6 59. Rxd4+ Ke5 60. Ra4 Rf6 61. Ke3 Rf1 62. Ra5+ Kf6 63. h4 Rf5 64. Ra4 Kg7 65. Ke2 Kh6 66. Ke3 Kh5 67. Ke2 f6 68. Rb4 g5 69. hxg5 fxg5 70. Rb8 Kh4 71. Rh8+ Kg3 72. Re8 g4 73. Re7 Kg2 74. Re8 g3 75. Re7 Kg1 76. Re8 g2 77. Ra8 Rf7 78. Ra6 Rh7 79. Kf3 Kh1 0-1

[Event "Pardubice Czech op-E 35th"]
[Site "Pardubice"]
[Date "2024.07.14"]
[Round "7.1"]
[White "Ocelak, Jakub"]
[Black "Bohacek, Jan Andrej"]
[Result "1/2-1/2"]
[WhiteElo "2206"]
[BlackElo "2102"]
[PlyCount "39"]
[EventDate "2024.07.11"]
[EventType "team-swiss"]
[EventRounds "7"]
[EventCountry "CZE"]
[SourceTitle "CBM 221 Extra"]
[Source "ChessBase"]
[SourceDate "2024.09.30"]
[SourceVersion "1"]
[SourceVersionDate "2024.09.30"]
[SourceQuality "1"]
[WhiteTeam "Ricany 1925"]
[BlackTeam "Zlin"]
[WhiteTeamCountry "CZE"]
[BlackTeamCountry "CZE"]

1. e4 c6 2. Nf3 d5 3. d3 dxe4 4. dxe4 Qxd1+ 5. Kxd1 Nf6 6. Nbd2 g6 7. a4 b6 8. Ne5 Be6 9. f3 Bh6 10. Bc4 Bxc4 11. Ndxc4 Bxc1 12. Kxc1 Nfd7 13. Rd1 Nxe5 14. Nxe5 f6 15. Nd3 Na6 16. b4 Nc7 17. a5 0-0-0 18. axb6 axb6 19. c3 Kb7 20. Kc2 1/2-1/2

[Event "Pardubice Czech op-E 35th"]
[Site "Pardubice"]
[Date "2024.07.12"]
[Round "3.1"]
[White "Vitak, Jiri"]
[Black "Bohacek, Jan Andrej"]
[Result "1-0"]
[WhiteElo "2280"]
[BlackElo "2102"]
[PlyCount "71"]
[EventDate "2024.07.11"]
[EventType "team-swiss"]
[EventRounds "7"]
[EventCountry "CZE"]
[SourceTitle "CBM 221 Extra"]
[Source "ChessBase"]
[SourceDate "2024.09.30"]
[SourceVersion "1"]
[SourceVersionDate "2024.09.30"]
[SourceQuality "1"]
[WhiteTeam "Turnov Zikuda II"]
[BlackTeam "Zlin"]
[WhiteTeamCountry "CZE"]
[BlackTeamCountry "CZE"]

1. d4 d5 2. c4 c6 3. Nf3 Nf6 4. Nc3 dxc4 5. a4 Bf5 6. Ne5 Nbd7 7. Nxc4 Nb6 8. Ne5 a5 9. f3 Nfd7 10. Nxd7 Bxd7 11. e4 e6 12. Be3 Be7 13. Be2 0-0 14. 0-0 Rc8 15. Qb3 c5 16. d5 exd5 17. exd5 Bd6 18. Bf2 f5 19. Bb5 c4 20. Qc2 Bc5 21. Rfd1 Rf6 22. Bxc5 Rxc5 23. Qf2 Rc8 24. Rd2 Rd6 25. Re1 Bxb5 26. axb5 Qc7 27. Re5 g6 28. Rde2 Rd7 29. Re8+ Rxe8 30. Rxe8+ Kg7 31. Qd4+ Kh6 32. Rg8 Kg5 33. g3 f4 34. h4+ Kh6 35. Qf6 Qc5+ 36. Kg2 1-0

[Event "CZE-ch U18"]
[Site "Jaromerice nad Rokytnou"]
[Date "2024.03.13"]
[Round "7"]
[White "Bohacek, Jan Andrej"]
[Black "Jares, Michal"]
[Result "0-1"]
[WhiteElo "2140"]
[BlackElo "2347"]
[PlyCount "180"]
[EventDate "2024.03.10"]
[EventType "tourn"]
[EventRounds "11"]
[EventCountry "CZE"]
[SourceTitle "EXT 2025"]
[Source "ChessBase"]
[SourceDate "2024.10.14"]
[SourceVersion "1"]
[SourceVersionDate "2024.10.14"]
[SourceQuality "1"]

1. d4 d5 2. c4 e6 3. g3 Nf6 4. Bg2 Bb4+ 5. Nd2 0-0 6. Ngf3 dxc4 7. Qc2 b5 8. a4 bxa4 9. 0-0 Bb7 10. Nxc4 a5 11. Rd1 Nbd7 12. Nfe5 Bxg2 13. Kxg2 Qc8 14. Qxa4 Nxe5 15. Nxe5 c5 16. Bg5 Ne4 17. Be7 Re8 18. Bxc5 Nxc5 19. dxc5 Qxc5 20. Nc6 Rac8 21. Nxb4 axb4 22. Rac1 Qf8 23. Rxc8 Rxc8 24. Rd4 Rb8 25. b3 g6 26. Qa7 Rd8 27. Rf4 e5 28. Rc4 Rc8 29. Rc7 Rxc7 30. Qxc7 Qa8+ 31. f3 e4 32. Qc4 exf3+ 33. exf3 Qa2+ 34. Kh3 Qd2 35. Qe4 Qc3 36. Qd5 h5 37. Qd8+ Kg7 38. Qd5 f6 39. Kg2 g5 40. Qd7+ Kh6 41. Qd5 g4 42. f4 h4 43. gxh4 Qh3+ 44. Kg1 g3 45. hxg3 Qxg3+ 46. Kf1 Qxf4+ 47. Ke2 Qxh4 48. Qd2+ Kg6 49. Qd8 Qh2+ 50. Kd1 Qg1+ 51. Kc2 Qc5+ 52. Kd1 Qc3 53. Qg8+ Kf5 54. Qh7+ Kf4 55. Qh4+ Ke5 56. Qh2+ Ke4 57. Qe2+ Kd5 58. Qb5+ Kd6 59. Qb8+ Ke7 60. Qb7+ Ke6 61. Qe4+ Kd6 62. Qf4+ Kd5 63. Qf5+ Qe5 64. Qf3+ Kd6 65. Kc2 Qc5+ 66. Kb2 f5 67. Qd3+ Ke6 68. Qa6+ Ke5 69. Qe2+ Kf6 70. Qh5 Qc3+ 71. Ka2 f4 72. Qh8+ Kf5 73. Qh7+ Ke5 74. Qe7+ Kd4 75. Qa7+ Kd3 76. Qd7+ Ke3 77. Qe6+ Kf3 78. Qh3+ Ke4 79. Qe6+ Qe5 80. Qc4+ Qd4 81. Qe2+ Qe3 82. Qg2+ f3 83. Qg6+ Kd4 84. Qb6+ Kd3 85. Qb5+ Kc2 86. Qc4+ Kd1 87. Kb1 f2 88. Qf1+ Kd2 89. Qc1+ Ke2 90. Qc2+ Ke1 0-1

[Event "CZE-ch U18"]
[Site "Jaromerice nad Rokytnou"]
[Date "2024.03.10"]
[Round "4"]
[White "Lang, Simon"]
[Black "Bohacek, Jan Andrej"]
[Result "0-1"]
[WhiteElo "2043"]
[BlackElo "2140"]
[PlyCount "74"]
[EventDate "2024.03.10"]
[EventType "tourn"]
[EventRounds "11"]
[EventCountry "CZE"]
[SourceTitle "EXT 2025"]
[Source "ChessBase"]
[SourceDate "2024.10.14"]
[SourceVersion "1"]
[SourceVersionDate "2024.10.14"]
[SourceQuality "1"]

1. e4 c6 2. d4 d5 3. Nc3 dxe4 4. Nxe4 Nf6 5. Nxf6+ exf6 6. c3 Bd6 7. Bd3 0-0 8. Qc2 Re8+ 9. Ne2 h5 10. 0-0 h4 11. h3 Nd7 12. Bd2 Nf8 13. Rae1 g6 14. f4 f5 15. Kh1 Be6 16. Ng1 Qc7 17. c4 Nd7 18. c5 Be7 19. Nf3 Nf6 20. Nxh4 Ne4 21. Nxf5 gxf5 22. Bxe4 fxe4 23. Rxe4 Bd5 24. Re3 Bf6 25. Rg3+ Bg7 26. Qf5 Re6 27. Qh5 Rg6 28. Rxg6 fxg6 29. Qxg6 Qf7 30. Qg4 Re8 31. h4 Qe6 32. Qg5 Qf6 33. Qh5 Qf7 34. Qg5 Re2 35. Qd8+ Qf8 36. Qc7 Rxd2 37. Re1 Rxg2 0-1

[Event "Zlin Region-chT 2324"]
[Site "Czech Republic"]
[Date "2024.02.04"]
[Round "7.3"]
[White "Bohacek, Jan Andrej"]
[Black "Palka, Bronislav"]
[Result "1-0"]
[WhiteElo "2201"]
[BlackElo "1937"]
[PlyCount "79"]
[EventDate "2023.10.22"]
[EventType "team-tourn"]
[EventRounds "11"]
[EventCountry "CZE"]
[SourceTitle "EXT 2025"]
[Source "ChessBase"]
[SourceDate "2024.10.14"]
[SourceVersion "1"]
[SourceVersionDate "2024.10.14"]
[SourceQuality "1"]
[WhiteTeam "Zlin Malenovice"]
[BlackTeam "Napajedla Slavia"]
[WhiteTeamCountry "CZE"]
[BlackTeamCountry "CZE"]

1. d4 e6 2. Nc3 b6 3. e4 Bb7 4. Nf3 d6 5. Bd3 Nf6 6. 0-0 Be7 7. Qe2 0-0 8. e5 Nfd7 9. Ne4 Re8 10. Nfg5 Nf8 11. Qh5 g6 12. Qh6 Nbd7 13. Ng3 dxe5 14. f4 Nf6 15. Kh1 Qxd4 16. Qh3 e4 17. Be2 Red8 18. c3 Qc5 19. Re1 Kg7 20. Bf1 h6 21. N5xe4 Nxe4 22. Nxe4 Bxe4 23. Rxe4 Rd1 24. Qf3 Rad8 25. Be3 Qd6 26. Bd4+ Rxd4 27. Rxd4 Qc5 28. Rxd8 Bxd8 29. Rd1 Bf6 30. Qe4 Qf2 31. Be2 g5 32. fxg5 hxg5 33. Rf1 Qc5 34. Bd3 Ng6 35. g3 a5 36. Qf3 Qe5 37. Bxg6 Kxg6 38. h4 Qd5 39. Qxd5 exd5 40. h5+ 1-0

[Event "Titled Tuesday intern op 30th Jan Early"]
[Site "Chess.com INT"]
[Date "2024.01.30"]
[Round "2"]
[White "Bohacek, Jan Andrej"]
[Black "Avramidou, Anastasia"]
[Result "0-1"]
[WhiteElo "2193"]
[BlackElo "2287"]
[PlyCount "110"]
[EventDate "2024.01.30"]
[EventType "swiss (blitz)"]
[EventRounds "11"]
[EventCountry "USA"]
[SourceTitle "EXT 2025"]
[Source "ChessBase"]
[SourceDate "2024.10.14"]
[SourceVersion "1"]
[SourceVersionDate "2024.10.14"]
[SourceQuality "1"]

1. d4 g6 2. Nc3 Bg7 3. e4 d6 4. Nf3 a6 5. a4 b6 6. Be2 Bb7 7. 0-0 Nf6 8. Bd3 0-0 9. h3 c5 10. d5 e6 11. dxe6 fxe6 12. Bf4 Nc6 13. Bc4 Qe8 14. Qxd6 Kh8 15. Qxe6 Na5 16. Bd6 Qxe6 17. Bxe6 Rfe8 18. Bf7 Rec8 19. e5 Ne4 20. Nxe4 Bxe4 21. Rae1 Bxc2 22. e6 Bd3 23. e7 Bxf1 24. Kxf1 Re8 25. Ne5 Bf6 26. Nd7 Kg7 27. Bxe8 Rxe8 28. Re6 Bxb2 29. Nxb6 Kf7 30. Re2 Bf6 31. Nd5 c4 32. Re3 Nc6 33. Rf3 c3 34. Ke1 Nd4 35. Rxf6+ Kg7 36. Kd1 c2+ 37. Kc1 Rc8 38. Nc7 Kxf6 39. e8Q Rxe8 40. Nxe8+ Ke6 41. Bc5 Nb3+ 42. Kxc2 Nxc5 43. a5 h6 44. Nc7+ Kd6 45. Ne8+ Kc6 46. Nf6 Kd6 47. Ng8 h5 48. Nf6 Nb7 49. Ne4+ Ke5 50. f3 Nxa5 51. Kc3 Nc6 52. Kc4 Kf4 53. Kc5 Ne5 54. Kb6 Nc4+ 55. Kxa6 Ne3 0-1

[Event "Titled Tuesday intern op 30th Jan Early"]
[Site "Chess.com INT"]
[Date "2024.01.30"]
[Round "6"]
[White "Matthes, Aaron"]
[Black "Bohacek, Jan Andrej"]
[Result "1-0"]
[WhiteElo "2216"]
[BlackElo "2193"]
[PlyCount "55"]
[EventDate "2024.01.30"]
[EventType "swiss (blitz)"]
[EventRounds "11"]
[EventCountry "USA"]
[SourceTitle "EXT 2025"]
[Source "ChessBase"]
[SourceDate "2024.10.14"]
[SourceVersion "1"]
[SourceVersionDate "2024.10.14"]
[SourceQuality "1"]

1. Nf3 d5 2. g3 Nf6 3. Bg2 c5 4. 0-0 Nc6 5. d4 e6 6. c4 dxc4 7. Ne5 Bd7 8. Nxc6 Bxc6 9. Bxc6+ bxc6 10. dxc5 Qxd1 11. Rxd1 Bxc5 12. Bd2 Rb8 13. Bc3 0-0 14. Nd2 Nd5 15. Be5 Rb4 16. a3 Ra4 17. Rac1 f6 18. Bf4 e5 19. e4 c3 20. exd5 cxb2 21. Rxc5 exf4 22. dxc6 Rxa3 23. c7 Ra1 24. Rb1 Rc8 25. Kg2 fxg3 26. hxg3 a5 27. Rxb2 a4 28. Rb8 1-0

[Event "Zlin Region-chT 2324"]
[Site "Czech Republic"]
[Date "2023.11.26"]
[Round "3.3"]
[White "Naplava, Pavel"]
[Black "Bohacek, Jan Andrej"]
[Result "0-1"]
[WhiteElo "2005"]
[BlackElo "2201"]
[PlyCount "51"]
[EventDate "2023.10.22"]
[EventType "team-tourn"]
[EventRounds "11"]
[EventCountry "CZE"]
[SourceTitle "EXT 2025"]
[Source "ChessBase"]
[SourceDate "2024.10.14"]
[SourceVersion "1"]
[SourceVersionDate "2024.10.14"]
[SourceQuality "1"]
[WhiteTeam "Borsice"]
[BlackTeam "Zlin Malenovice"]
[WhiteTeamCountry "CZE"]
[BlackTeamCountry "CZE"]

1. e4 c6 2. c4 d5 3. exd5 cxd5 4. cxd5 Nf6 5. Nc3 Nxd5 6. d4 Nc6 7. Qb3 Ndb4 8. Bc4 e6 9. Nf3 a6 10. Ne2 Na5 11. Qc3 Bd7 12. b3 b5 13. a3 bxc4 14. axb4 Nxb3 15. Rb1 Rb8 16. 0-0 Bxb4 17. Qxc4 Nxc1 18. Rfxc1 a5 19. Ng3 0-0 20. Ne5 Bb5 21. Qb3 Qxd4 22. Nc6 Bxc6 23. Rxc6 Rfd8 24. h3 Bd6 25. Qc2 Rxb1+ 26. Qxb1 0-1

[Event "Jesenik op-A"]
[Site "Jesenik"]
[Date "2023.08.20"]
[Round "2"]
[White "Bohacek, Jan Andrej"]
[Black "Trojan, Lubos"]
[Result "1-0"]
[WhiteElo "2026"]
[BlackElo "1904"]
[PlyCount "83"]
[EventDate "2023.08.19"]
[EventType "swiss"]
[EventRounds "9"]
[EventCountry "CZE"]
[SourceTitle "CBM 216 Extra"]
[Source "ChessBase"]
[SourceDate "2023.11.30"]
[SourceVersion "1"]
[SourceVersionDate "2023.11.30"]
[SourceQuality "1"]

1. d4 Nf6 2. c4 e6 3. g3 d5 4. Bg2 Be7 5. Nf3 c6 6. 0-0 0-0 7. Qc2 Nbd7 8. Rd1 Ne4 9. Nc3 f5 10. b3 Qe8 11. Bb2 Qh5 12. Ne5 Ndf6 13. Nxe4 fxe4 14. f3 Bd6 15. Rf1 exf3 16. Bxf3 Qe8 17. e4 dxe4 18. Bxe4 Bxe5 19. dxe5 Nxe4 20. Qxe4 Rxf1+ 21. Rxf1 Qe7 22. Rd1 Bd7 23. Rd6 Rf8 24. Bd4 Qf7 25. Qe2 Be8 26. Bxa7 Qf5 27. Rd4 Qb1+ 28. Kg2 c5 29. Bxc5 Bc6+ 30. Kh3 Ra8 31. Rd2 Qg6 32. g4 Qh6+ 33. Kg3 g5 34. h3 Qg6 35. Rd1 h6 36. Rf1 Rd8 37. Bd6 Ra8 38. Rf6 Qb1 39. Qf2 Qd3+ 40. Kh2 Qe4 41. a4 Qb1 42. Be7 1-0

[Event "Pardubice Czech op-A 34th"]
[Site "Pardubice"]
[Date "2023.07.22"]
[Round "2"]
[White "Bohacek, Jan Andrej"]
[Black "Rakesh, Kumar Jena"]
[Result "1/2-1/2"]
[WhiteElo "2039"]
[BlackElo "2320"]
[PlyCount "73"]
[EventDate "2023.07.21"]
[EventType "swiss"]
[EventRounds "9"]
[EventCountry "CZE"]
[SourceTitle "CBM 215 Extra"]
[Source "ChessBase"]
[SourceDate "2023.09.30"]
[SourceVersion "1"]
[SourceVersionDate "2023.09.30"]
[SourceQuality "1"]

1. d4 d5 2. Nc3 g6 3. Bf4 Nf6 4. e3 Bg7 5. Nb5 Na6 6. Be2 c6 7. Nc3 Qb6 8. a3 0-0 9. Nf3 Ne4 10. 0-0 Nxc3 11. bxc3 Qa5 12. c4 Nc7 13. Qe1 Qxe1 14. Rfxe1 Ne6 15. Bg3 b6 16. cxd5 cxd5 17. c4 Bb7 18. cxd5 Bxd5 19. Ba6 f5 20. Rac1 Rad8 21. Ne5 f4 22. exf4 Nxd4 23. Rc7 Nf5 24. Rec1 Ra8 25. Bd3 e6 26. f3 Nxg3 27. hxg3 Rfd8 28. Ba6 Bf8 29. Ng4 Bg7 30. Rxg7+ Kxg7 31. Rc7+ Kf8 32. Nf6 Rd6 33. Bb5 Bb3 34. Nxh7+ Kg8 35. Nf6+ Kf8 36. Nh7+ Kg8 37. Nf6+ 1/2-1/2

[Event "Zlin Region-chT 2223"]
[Site "Czech Republic"]
[Date "2023.03.19"]
[Round "10.2"]
[White "Bohacek, Jan Andrej"]
[Black "Kubin, Petr"]
[Result "1-0"]
[WhiteElo "2062"]
[BlackElo "1976"]
[PlyCount "93"]
[EventDate "2022.10.09"]
[EventType "team-tourn"]
[EventRounds "11"]
[EventCountry "CZE"]
[SourceTitle "EXT 2024"]
[Source "ChessBase"]
[SourceDate "2023.10.10"]
[SourceVersion "1"]
[SourceVersionDate "2023.10.10"]
[SourceQuality "1"]
[WhiteTeam "Zlin Malenovice"]
[BlackTeam "Valasska Bystrice Sokol"]
[WhiteTeamCountry "CZE"]
[BlackTeamCountry "CZE"]

1. d4 d5 2. Bf4 Nf6 3. Nc3 c5 4. e3 a6 5. Nf3 Nc6 6. Ne5 e6 7. Nxc6 bxc6 8. Na4 cxd4 9. exd4 Qa5+ 10. c3 Bd7 11. b4 Bxb4 12. cxb4 Qxb4+ 13. Bd2 Qxd4 14. Rb1 Ng4 15. Qf3 Qxa4 16. Rb4 Qxa2 17. Qxg4 Qa1+ 18. Qd1 Qxd1+ 19. Kxd1 c5 20. Rb7 Ba4+ 21. Kc1 0-0 22. Bd3 Rfc8 23. Re1 c4 24. Bc2 Bc6 25. Rb6 d4 26. Be4 Bxe4 27. Rxe4 c3 28. Bf4 d3 29. Rd4 e5 30. Bxe5 Re8 31. Rd5 Rac8 32. Rb3 f6 33. Bxc3 Re2 34. Rxd3 Rxf2 35. Rd2 Rf5 36. Kb2 h5 37. Rb6 a5 38. Ra6 Rb5+ 39. Kc2 Rbc5 40. Rd3 Rg5 41. Rg3 Rf5 42. Kd3 Rd5+ 43. Ke4 Rd1 44. Ra7 Kf8 45. Bxa5 f5+ 46. Kxf5 Rc5+ 47. Ke4 1-0

[Event "Zlin Region-chT 2223"]
[Site "Czech Republic"]
[Date "2023.01.15"]
[Round "6.3"]
[White "Marak, Jakub"]
[Black "Bohacek, Jan Andrej"]
[Result "1-0"]
[WhiteElo "1846"]
[BlackElo "2062"]
[PlyCount "67"]
[EventDate "2022.10.09"]
[EventType "team-tourn"]
[EventRounds "11"]
[EventCountry "CZE"]
[SourceTitle "EXT 2024"]
[Source "ChessBase"]
[SourceDate "2023.10.10"]
[SourceVersion "1"]
[SourceVersionDate "2023.10.10"]
[SourceQuality "1"]
[WhiteTeam "Zlin II"]
[BlackTeam "Zlin Malenovice"]
[WhiteTeamCountry "CZE"]
[BlackTeamCountry "CZE"]

1. Nf3 d5 2. d4 Nf6 3. c4 e6 4. g3 Bb4+ 5. Bd2 Be7 6. Bg2 0-0 7. 0-0 c6 8. Nc3 b6 9. Bf4 Ba6 10. cxd5 cxd5 11. Rc1 Nh5 12. Be3 Qe8 13. Ne5 Bb7 14. Qb3 Nc6 15. Nb5 Na5 16. Qd3 Ba6 17. a4 f6 18. Nf3 g5 19. Nd2 Qd7 20. f4 g4 21. f5 Ng7 22. fxe6 Qxe6 23. Nc7 Bxd3 24. Nxe6 Nxe6 25. exd3 Rad8 26. Rf5 Kh8 27. Rxd5 Bb4 28. Rxd8 Rxd8 29. d5 Nc5 30. Ne4 Nxd3 31. Rc7 Rf8 32. Bh6 Rg8 33. Nxf6 Bc5+ 34. Kf1 1-0